000 00671nam a22002417a 4500
003 UA-OsUOA
001 78064
007 ta
008 20110929b un ||||| |||| 00| 0 ukr d
100 _aКацавець Р.
090 _a811.161.2'27(075.8)
_bК30
942 _cBK
040 _aUA-OsUOA
_bukr
_cUA-OsUOA
_dUA-OsUOA
245 _aДілова мова:
300 _a196 с.
955 _a2
041 _aukr
080 _a811.161.2'27(075.8)
020 _a978-966-364-681-3
260 _aК.
_bЦентр учбової літератури
_c2008
650 7 _a82 Література. Літературознавство
_2UDC
999 _c364371
_d364371